000 00576cam a2200193 4500500
005 20260405003851.0
041 _afre
042 _adc
100 1 0 _aLegros, Martin
_eauthor
245 0 0 _aL’amour peut-il renaître de ses cendres ?
260 _c2024.
500 _a74
690 _aAmour
690 _aJ.M. Coetzee
690 _aMartin Legros
690 _aroman
786 0 _nPhilosophie magazine | 182 | 9 | 2024-09-01 | p. 62-62 | 1951-1787
856 4 1 _uhttps://shs.cairn.info/magazine-philosophie-magazine-2024-9-page-62?lang=fr&redirect-ssocas=7080
999 _c2071625
_d2071626